00846nam a22003017a 4500001001100000003000900011005001700020007001100037008003700048017000900085020001500094035000600109040002500115080000600140080000600146082002700152100003300179245006600212250001400278260004500292300002200337490003100359500002100390651004800411651004600459651003300505856000600538 001944217DO-SdBNP20230317130346.0 001944217040524s 1999 sp | ||| ||spa  a b  a8432303852 a  aBPMSUbspacBPMSUe  0a  0a  4a330.98bG152v 19992221 aGaleano, Eduardo,d1940-201514aLas venas abiertas de América Latina /cEduardo Galeano.h  a15a. ed.  aMadrid :bSiglo XXI de España, c1999. a486 p. ;c21 cm. 0 aBiblioteca Eduardo Galeano aIncluye índice 4aAmérica Latina xCondiciones económicas 4aAmérica Latinaxcodiciones sociales2  4aAmérica Latina xHistoria 41u